La Tierra Ajena (Registro nro. 5766)

Detalles MARC
000 -LEADER
fixed length control field 00992 a2200205 4500
001 - CONTROL NUMBER
control field 54744
005 - DATE AND TIME OF LATEST TRANSACTION
control field 20260407155823.0
008 - FIXED-LENGTH DATA ELEMENTS--GENERAL INFORMATION
fixed length control field 260407a1972 arg spa d
003 - CONTROL NUMBER IDENTIFIER
control field AR-UNSa-BCEJYS
040 ## - CATALOGING SOURCE
Original cataloging agency AR-UNSa-BCEJYS
Language of cataloging spa
Transcribing agency AR-UNSa-BCEJYS
080 ## - UNIVERSAL DECIMAL CLASSIFICATION NUMBER
Universal Decimal Classification number 316.334.55
Common auxiliary subdivision Comunidades rurales. Sociología rural
041 ## - LANGUAGE CODE
Language code of text/sound track or separate title spa
100 1# - MAIN ENTRY--PERSONAL NAME
Personal name Gori, Gastón
245 10 - TITLE STATEMENT
Title La Tierra Ajena
Name of part/section of a work drama de la juventud agraria Argentina
264 #1 - PRODUCTION, PUBLICATION, DISTRIBUTION, MANUFACTURE, AND COPYRIGHT NOTICE
Place of production, publication, distribution, manufacture Buenos Aires :
Name of producer, publisher, distributor, manufacturer Ediciones La Bastilla
Date of production, publication, distribution, manufacture, or copyright notice 1972
300 ## - PHYSICAL DESCRIPTION
Extent 168 p.
Dimensions 20 cm.
505 ## - FORMATTED CONTENTS NOTE
Formatted contents note I. Una constante sociohistórica - II. Lo que caracteriza a la juventud campesina - III. Uniones de hecho - IV. Los que abandonan el campo - V. ¿Cuántos jóvenes viven en zonas rurales? - VI. La juventud agraria y la tenencia de la tierra - VII. La juventud agraria y la legislación sobre tierra y colonización - VIII. Aspiraciones de la juventud - IX. La juventud y la propiedad de la tierra
590 ## - LOCAL NOTE (RLIN)
Local note niveau_biblio:m niveau_hierar:0
942 ## - ADDED ENTRY ELEMENTS (KOHA)
Koha item type
Existencias
Withdrawn status Lost status Damaged status Not for loan Home library Current library Shelving location Date acquired Total checkouts Full call number Barcode Date last seen Price effective from Koha item type
        Biblioteca Prof. Eusebio Cleto del Rey Biblioteca Prof. Eusebio Cleto del Rey   07/04/2026   316.334.55 G669 L45403 07/04/2026 07/04/2026 Libro